| 000 | 00479nam a22001817a 4500 | ||
|---|---|---|---|
| 001 | Seku | ||
| 003 | OSt | ||
| 005 | 20160205110540.0 | ||
| 008 | 160205b xxu||||| |||| 00| 0 eng d | ||
| 020 | _a0201338769 | ||
| 040 | _aSEKU | ||
| 050 |
_aQA154.2 _b.B54 1999 |
||
| 100 | _aBittinger L. Marvin | ||
| 245 |
_aIntermediate Algebra _bAnnotated instructors edition _cMarvin L. Bittinger |
||
| 260 |
_aNew York.; _bAddison Wesley _c1999 |
||
| 300 | _aiii-ix.: p | ||
| 942 |
_2lcc _cGEN |
||
| 999 |
_c10468 _d10468 |
||